England UEFA Euro 2020 Squad - Statistics

General Stats
  • This quiz has been taken 35,380 times
    35,161 since last reset
  • The average score is 17 of 27
Answer Stats
# Position Player % Correct
9 FW © Harry Kane
97%
1 GK Jordan Pickford
92%
6 DF Harry Maguire
87%
11 FW Marcus Rashford
82%
10 FW Raheem Sterling
82%
5 DF John Stones
80%
2 DF Kyle Walker
79%
8 MF Jordan Henderson
78%
3 DF Luke Shaw
73%
25 FW Bukayo Saka
71%
20 MF Phil Foden
71%
4 MF Declan Rice
69%
7 FW Jack Grealish
69%
17 FW Jadon Sancho
66%
Manager Gareth Southgate
65%
12 DF Kieran Trippier
62%
19 MF Mason Mount
60%
26 MF Jude Bellingham
58%
13 GK Aaron Ramsdale
56%
14 MF Kalvin Phillips
56%
24 DF Reece James
54%
21 DF Ben Chilwell
45%
15 DF Tyrone Mings
42%
22 DF Ben White
33%
18 FW Dominic Calvert-Lewin
33%
16 DF Conor Coady
32%
23 GK Sam Johnstone
32%
No matching quizzes found
Score Distribution
Percent of People with Each Score
Percentile by Number Answered
Your Score History
You have not taken this quiz since the last reset